Movies Quiz

Random Movies Quiz

Washington D.C. in Movies (Slideshow) Quiz Stats

 Plays Quiz not verified by Sporcle

Challenge
Share
Tweet
Score 0/23 Timer 07:00
0 Plays Today
% Correct
Independence Day
97.3%
The Exorcist
94.7%
Lincoln
90.3%
All the President's Men
89.4%
Mr. Smith Goes to Washington
87.6%
Minority Report
85.8%
The Day the Earth Stood Still
81.4%
The American President
76.1%
Burn After Reading
75.2%
J. Edgar
73.5%
Charlie Wilson's War
70.8%
White House Down
70.8%
% Correct
Dave
66.4%
Thank You For Smoking
64.6%
St. Elmo's Fire
62.8%
Broadcast News
60.2%
The Manchurian Candidate
58.4%
Idiocracy
57.5%
Dick
47.8%
DC Cab
34.5%
Damn Yankees
34.5%
The Post
33.3%
Murder at 1600
21.2%

You're not logged in!

Compare scores with friends on all Sporcle quizzes.
Join for Free
OR
Log In

You Might Also Like...

Show Comments

Extras

Created Oct 16, 2016ReportNominate
Tags:scene, set, Slideshow, Washington

Top Quizzes Today


Score Distribution

Your Account Isn't Verified!

In order to create a playlist on Sporcle, you need to verify the email address you used during registration. Go to your Sporcle Settings to finish the process.

Report this User

Report this user for behavior that violates our Community Guidelines.

Details: